| 000 | 01211nam a2200325 i 4500 | ||
|---|---|---|---|
| 001 | KOSZ 005 | ||
| 003 | KOSZ 005 | ||
| 005 | 20200630132818.0 | ||
| 008 | 950505s1969 pl |000 0 pol d | ||
| 040 |
_cKOSZ 005 _aKOSZ 005 _dKOSZ 005/HR |
||
| 041 | _apol | ||
| 045 | _bd1969 | ||
| 046 | _k1969 | ||
| 080 | _a378.09(438) | ||
| 245 | 0 | 0 |
_aProgramy ramowe studiów wieczorowych i zaocznych dla kierunku mechanika : _bplany studiów i ramowe programy nauczania / _cMinisterstwo Oświaty i Szkolnictwa Wyższego. Departament Studiów Technicznych. |
| 260 |
_aWarszawa : _bPaństwowe Wydawnictwo Naukowe, _c1969. |
||
| 300 |
_a315 s. ; _c23 cm. |
||
| 380 | _aKsiążki | ||
| 380 | _aPublikacje informacyjne | ||
| 388 | _a1901-2000 | ||
| 388 | _a1945-1989 | ||
| 658 | _aNauka i badania | ||
| 655 | 4 | _aInformator | |
| 650 | 4 | _aOrganizacja | |
| 650 | 4 | _aSzkolnictwo wyższe | |
| 710 | 2 |
_aMinisterstwo Oświaty i Szkolnictwa Wyższego. _bDepartament Studiów Technicznych. |
|
| 710 | 2 | _aPaństwowe Wydawnictwo Naukowe | |
| 856 |
_uhttp://koha.tu.koszalin.pl/cgi-bin/koha/opac-detail.pl?biblionumber=8392 _yKatalog online BPK |
||
| 942 |
_cKS _2UKD |
||
| 999 |
_c8392 _d8392 |
||